000
00230nam a2200097Ia 4500
005
20251222114343.0
008
251222s1900||||xx |||||||||||||| ||spa||
082
_a
DVD0060/D96C/1951/T.1
245
0
_a
Colección Don Camilo:
942
_c
DVD
999
_c
954
_d
954